00658nam a22001577a 450000500170000000800410001702000180005805000230007610000350009924500600013426000330019430000390022750400380026650501670030465000290047120231102151706.0140731s2013 mx a|||| |||| 00| 0 spa d a978968181294214aHD30.29bA248 20131 aAckoff, Russell Lincolneautor10aEl arte de resolver problemasb : Las fabulas de Ackoff aMéxicob : Limusac , 2013 a255 páginasbgráficas, dibujos aIncluye: Bibliografía (249-250) aCreatividad y restricciones Variables controlables Variables incontrolables Una estructura organizativa y multidimensional Cómo mantener resueltos los problemas1 aPROBLEMAS, SOLUCIÓN DE